The mutiny records : (Record no. 329837)
[ view plain ]
| 000 -LEADER | |
|---|---|
| fixed length control field | 01040cam a2200289 a 4500 |
| 001 - CONTROL NUMBER | |
| control field | 13974224 |
| 003 - CONTROL NUMBER IDENTIFIER | |
| control field | NUST |
| 005 - DATE AND TIME OF LATEST TRANSACTION | |
| control field | 20170523141405.0 |
| 008 - FIXED-LENGTH DATA ELEMENTS--GENERAL INFORMATION | |
| fixed length control field | 050519r20041911pk abf 000 0 eng |
| 010 ## - LIBRARY OF CONGRESS CONTROL NUMBER | |
| LC control number | 2005309244 |
| 020 ## - INTERNATIONAL STANDARD BOOK NUMBER | |
| International Standard Book Number | 9693516303 |
| 025 ## - OVERSEAS ACQUISITION NUMBER | |
| Overseas acquisition number | P-E-2005309244; 17 |
| 040 ## - CATALOGING SOURCE | |
| Original cataloging agency | DLC |
| Transcribing agency | DLC |
| 042 ## - AUTHENTICATION CODE | |
| Authentication code | lcode |
| 043 ## - GEOGRAPHIC AREA CODE | |
| Geographic area code | a-ii--- |
| 050 00 - LIBRARY OF CONGRESS CALL NUMBER | |
| Classification number | DS478 |
| Item number | .H49 2004 |
| 082 ## - DEWEY DECIMAL CLASSIFICATION NUMBER | |
| Classification number | 954HIL |
| 100 1# - MAIN ENTRY--PERSONAL NAME | |
| Personal name | Hilton, Edward H. |
| 9 (RLIN) | 1352 |
| 245 14 - TITLE STATEMENT | |
| Title | The mutiny records : |
| Remainder of title | Oudh and Lucknow, 1856-57 / |
| Statement of responsibility, etc. | Edward H. Hilton. |
| 260 ## - PUBLICATION, DISTRIBUTION, ETC. | |
| Place of publication, distribution, etc. | Lahore : |
| Name of publisher, distributor, etc. | Sang-e-Meel Publications, |
| Date of publication, distribution, etc. | 2004. |
| 300 ## - PHYSICAL DESCRIPTION | |
| Extent | 292 p., [12] leaves of plates : |
| Other physical details | ill., map ; |
| Dimensions | 25 cm. |
| 500 ## - GENERAL NOTE | |
| General note | Reprint. Originally published: Lucknow, 1911. |
| 600 10 - SUBJECT ADDED ENTRY--PERSONAL NAME | |
| Personal name | Hilton, Edward H. |
| 9 (RLIN) | 1352 |
| 650 #0 - SUBJECT ADDED ENTRY--TOPICAL TERM | |
| Topical term or geographic name entry element | Lucknow (India) |
| General subdivision | History |
| Chronological subdivision | Siege, 1857 |
| Form subdivision | Personal narratives. |
| 9 (RLIN) | 1353 |
| 651 #0 - SUBJECT ADDED ENTRY--GEOGRAPHIC NAME | |
| Geographic name | Lucknow (India) |
| General subdivision | Description and travel. |
| 9 (RLIN) | 1354 |
| 906 ## - LOCAL DATA ELEMENT F, LDF (RLIN) | |
| a | 7 |
| b | cbc |
| c | origode |
| d | 3 |
| e | ncip |
| f | 20 |
| g | y-gencatlg |
| 942 ## - ADDED ENTRY ELEMENTS (KOHA) | |
| Source of classification or shelving scheme | |
| Koha item type | Book |
| Withdrawn status | Lost status | Source of classification or shelving scheme | Damaged status | Not for loan | Permanent Location | Current Location | Date acquired | Total Checkouts | Full call number | Barcode | Date last seen | Price effective from | Koha item type |
|---|---|---|---|---|---|---|---|---|---|---|---|---|---|
| School of Civil and Environmental Engineering (SCEE) | School of Civil and Environmental Engineering (SCEE) | 05/23/2017 | 954HIL | NIT-8726 | 05/23/2017 | 05/23/2017 | Book |
